LEADER 00882nam a2200205 i 4500 001 000000167670 003 CaOOAMICUS 005 20071206000000.0 008 071206s1936 it u000 u ita u 013 $a145069 040 $aSeMil$bita 100 1 $aSpreafico, Andrea.$0(OLS)http://semarc/name/62545 245 13$aLa topografia dei "Promessi Sposi" nel territorio di Lecco /$cSac. Andrea Spreafico. 260 $aLecco :$bEttore Bartolozzi,$c1936. 300 $a124 p. :$bill. ;$c33 cm. 650 4$aManzoni, Alessandro <1785-1873> . Promessi sposi.$0(OLS)http://semarc/subject/15533 850 $aSeMil 852 $aSeMil$W1$xVenegono$y1$m1O VI 187$j118820$B118820$CSeMilBibl$Z2$F129655 $81 996 $6245$aLa topografia dei "Promessi Sposi" nel territorio di Lecco$9(OLS)http://semarc/title/239911 996 $6260$aLecco :$bEttore Bartolozzi$9(OLS)http://semarc/publisher/46433 LEADER 01301nam a2200229 i 4500 001 000000246600 003 CaOOAMICUS 005 20151117000000.0 008 151117s1855 it u000 u ita u 013 $a225505 040 $aSeMil$bita 100 1 $aSiguier, Auguste.$0(OLS)http://semarc/name/12246 245 13$aLe grandezze del cattolicismo /$copera di Augusto Siguier ; prima traduzione italiana dell'abate Andrea Bendotti. 260 $aNapoli :$bA spese della Società Editrice,$c1855. 300 $a634 p. ;$c24 cm. 490 0 $aTesoro cattolico. Classe 3., Eloquenza, letteratura e varietà : scelta di opere antiche e moderne atte a sanar le piaghe religiose e politiche che affliggono l'odierna società ;$v8 700 1 $aBendotti, Andrea.$0(OLS)http://semarc/name/12247 830 0$aTesoro cattolico. Classe 3., Eloquenza, letteratura e varietà : scelta di opere antiche e moderne atte a sanar le piaghe religiose e politiche che affliggono l'odierna società ;$v8.$0(OLS)http://semarc/title/44431 850 $aSeMil 852 $aSeMil$W1$xVenegono$y1$m3H VII 39 FA$j196946$B196946$CSeMilBibl$Z2$F207969 $8I 996 $6245$aLe grandezze del cattolicismo$9(OLS)http://semarc/title/36420 996 $6260$aNapoli :$bA spese della Società Editrice$9(OLS)http://semarc/publisher/34411